[Event "Titled Tuesday intern op 16th Apr Early"]
[Site "Chess.com INT"]
[Date "2024.04.16"]
[Round "2"]
[White "Bueno, Alfeu Varela Jr"]
[Black "Chincholimath, Halsagar"]
[Result "1-0"]
[WhiteElo "2140"]
[BlackElo "1852"]
[PlyCount "21"]
[EventDate "2024.04.16"]
[EventType "swiss (blitz)"]
[EventRounds "11"]
[EventCountry "USA"]
[SourceTitle "CB17_2024"]
[SourceDate "2024.04.24"]
[SourceVersion "1"]
[SourceVersionDate "2024.04.24"]
[SourceQuality "1"]

1. e4 e5 2. Nc3 Nf6 3. f4 d5 4. fxe5 Nxe4 5. Qf3 Bc5 6. Nxe4 dxe4 7. Qxe4 0-0 8. Nf3 f5 9. Qc4+ Kh8 10. Qxc5 Nc6 11. Bb5 1-0

[Event "Titled Tuesday intern op 08th Aug Early"]
[Site "Chess.com INT"]
[Date "2023.08.08"]
[Round "1"]
[White "Chincholimath, Halsagar"]
[Black "Bettalli, Francesco"]
[Result "0-1"]
[WhiteElo "1754"]
[BlackElo "2274"]
[PlyCount "54"]
[EventDate "2023.08.08"]
[EventType "swiss (blitz)"]
[EventRounds "11"]
[EventCountry "USA"]
[SourceTitle "EXT 2024"]
[Source "ChessBase"]
[SourceDate "2023.10.10"]
[SourceVersion "1"]
[SourceVersionDate "2023.10.10"]
[SourceQuality "1"]

1. e4 e5 2. Nf3 Nf6 3. Nxe5 Nc6 4. d4 Nxe5 5. dxe5 Nxe4 6. Bd3 Nc5 7. Bc4 Ne6 8. 0-0 Be7 9. f4 c6 10. f5 Qb6+ 11. Kh1 Nd4 12. f6 gxf6 13. exf6 Bc5 14. Nc3 d5 15. Bxd5 cxd5 16. Nxd5 Qc6 17. Qh5 Be6 18. Ne7 Bxe7 19. fxe7 Rg8 20. Bg5 Qd5 21. h4 Nf5 22. Qg4 Ne3 23. Qg3 Nxf1 24. Rxf1 h6 25. c4 Qxc4 26. Rc1 Qxc1+ 27. Bxc1 Rxg3 0-1

[Event "Titled Tuesday intern op 18th Apr Early"]
[Site "Chess.com INT"]
[Date "2023.04.18"]
[Round "10"]
[White "Chincholimath, Halsagar"]
[Black "Prado, Alexandra"]
[Result "1-0"]
[WhiteElo "1754"]
[BlackElo "1859"]
[PlyCount "47"]
[EventDate "2023.04.18"]
[EventType "swiss (blitz)"]
[EventRounds "11"]
[EventCountry "USA"]
[SourceTitle "EXT 2024"]
[Source "ChessBase"]
[SourceDate "2023.10.10"]
[SourceVersion "1"]
[SourceVersionDate "2023.10.10"]
[SourceQuality "1"]

1. e4 c5 2. Nc3 g6 3. f4 d6 4. d4 cxd4 5. Qxd4 Nf6 6. e5 Nc6 7. Bb5 dxe5 8. Qxd8+ Kxd8 9. Bxc6 bxc6 10. fxe5 Nd5 11. Bd2 Bg7 12. Nf3 Bg4 13. 0-0 Rf8 14. Rae1 e6 15. Na4 Rb8 16. b3 h6 17. Ba5+ Ke7 18. a3 Rb5 19. Bd2 Rd8 20. c4 Rxb3 21. cxd5 Rxd5 22. Bb4+ Kd7 23. Nc5+ Kc7 24. Nxb3 1-0

[Event "Titled Tuesday intern op 18th Apr Early"]
[Site "Chess.com INT"]
[Date "2023.04.18"]
[Round "8"]
[White "Clawitter, Craig"]
[Black "Chincholimath, Halsagar"]
[Result "1-0"]
[WhiteElo "2050"]
[BlackElo "1754"]
[PlyCount "105"]
[EventDate "2023.04.18"]
[EventType "swiss (blitz)"]
[EventRounds "11"]
[EventCountry "USA"]
[SourceTitle "EXT 2024"]
[Source "ChessBase"]
[SourceDate "2023.10.10"]
[SourceVersion "1"]
[SourceVersionDate "2023.10.10"]
[SourceQuality "1"]

1. e4 e5 2. Nc3 Nf6 3. g3 d5 4. exd5 Nxd5 5. Bg2 Be6 6. Nge2 Bc5 7. 0-0 0-0 8. d4 exd4 9. Nxd4 Nxc3 10. Nxe6 Nxd1 11. Nxd8 Rxd8 12. Bxb7 Nxf2 13. Bxa8 Ng4+ 14. Kg2 Nd7 15. Bf3 Nge5 16. Bf4 Bd4 17. Rad1 Bxb2 18. Bxe5 Bxe5 19. Bg4 Bd6 20. Bxd7 Rxd7 21. Rfe1 g6 22. Re8+ Kg7 23. Ra8 Re7 24. Kf3 Bc5 25. Rd3 Re1 26. Rc3 Bb6 27. Rd8 Rh1 28. Kg2 Ra1 29. a3 Rc1 30. Rd7 g5 31. Kh3 h5 32. Kg2 g4 33. h3 Re1 34. hxg4 hxg4 35. Rc4 Rg1+ 36. Kh2 Rc1 37. Rxg4+ Kf6 38. Rf4+ Ke6 39. Rfxf7 Rxc2+ 40. Kh3 Bg1 41. Rfe7+ Kf6 42. Rxc7 Rc4 43. Rxc4 Kxe7 44. Kg4 Ke6 45. Kf3 Kf5 46. g4+ Kg5 47. Rc1 Bb6 48. Rc6 Bd4 49. Rc4 Bb6 50. Rb4 Bc5 51. Rb5 Kh4 52. Rxc5 a5 53. Rh5# 1-0

[Event "Titled Tuesday intern op 11th Apr Early"]
[Site "Chess.com INT"]
[Date "2023.04.11"]
[Round "8"]
[White "Chincholimath, Halsagar"]
[Black "Havas, Ladislav"]
[Result "1-0"]
[WhiteElo "1754"]
[BlackElo "2202"]
[PlyCount "63"]
[EventDate "2023.04.11"]
[EventType "swiss (blitz)"]
[EventRounds "11"]
[EventCountry "USA"]
[SourceTitle "CBM 213 Extra"]
[Source "ChessBase"]
[SourceDate "2023.05.31"]
[SourceVersion "1"]
[SourceVersionDate "2023.05.31"]
[SourceQuality "1"]

1. e4 Nf6 2. e5 Nd5 3. f4 d6 4. d4 dxe5 5. fxe5 c5 6. c3 Nc6 7. Nf3 Bg4 8. Be2 e6 9. 0-0 Qb6 10. Kh1 Be7 11. dxc5 Qxc5 12. b4 Qb6 13. b5 Na5 14. Qa4 Bxf3 15. Bxf3 Rc8 16. Qg4 g6 17. Bxd5 Qxb5 18. Qf3 exd5 19. Qxf7+ Kd7 20. Ba3 Nc6 21. e6+ Kd8 22. Bxe7+ Nxe7 23. Nd2 Rxc3 24. Nf3 Qe8 25. Qg7 Rc6 26. Ne5 Kc8 27. Nxc6 bxc6 28. Rf7 Kd8 29. Rb1 Kc8 30. Rxe7 Qd8 31. Rxa7 Qa5 32. Rxa5 1-0

[Event "Titled Tuesday intern op 11th Apr Early"]
[Site "Chess.com INT"]
[Date "2023.04.11"]
[Round "2"]
[White "Khandelwal, Ankush"]
[Black "Chincholimath, Halsagar"]
[Result "1-0"]
[WhiteElo "2205"]
[BlackElo "1754"]
[PlyCount "125"]
[EventDate "2023.04.11"]
[EventType "swiss (blitz)"]
[EventRounds "11"]
[EventCountry "USA"]
[SourceTitle "CBM 213 Extra"]
[Source "ChessBase"]
[SourceDate "2023.05.31"]
[SourceVersion "1"]
[SourceVersionDate "2023.05.31"]
[SourceQuality "1"]

1. e4 e5 2. Nf3 Nc6 3. Bb5 a6 4. Ba4 Nf6 5. 0-0 Bc5 6. c3 d6 7. d4 exd4 8. cxd4 Ba7 9. d5 b5 10. dxc6 bxa4 11. Qxa4 0-0 12. Nc3 h6 13. Bf4 Rb8 14. b3 Nh5 15. Bd2 Bg4 16. Nd4 Qf6 17. Be3 Nf4 18. f3 Bc8 19. Rad1 Qg5 20. Bxf4 Qxf4 21. Nd5 Qe5 22. Kh1 f5 23. Qc4 Kh8 24. Nxc7 fxe4 25. Nce6 Rf6 26. fxe4 Bxe6 27. Nxe6 Qxe6 28. c7 Qxc4 29. bxc4 Rc8 30. Rxf6 gxf6 31. Rxd6 Rxc7 32. Rxf6 Rxc4 33. g3 Rxe4 34. Rxh6+ Kg7 35. Rxa6 Bd4 36. Ra4 Re1+ 37. Kg2 Rd1 38. Kf3 Bf6 39. h4 Rf1+ 40. Kg4 Rg1 41. Ra7+ Kg6 42. Ra6 Kg7 43. h5 Be5 44. Ra7+ Kh6 45. Ra6+ Kg7 46. a4 Rxg3+ 47. Kf5 Bb2 48. Ra7+ Kh6 49. Ra8 Rg5+ 50. Kf4 Rxh5 51. a5 Bc1+ 52. Ke4 Rh4+ 53. Kd5 Rh5+ 54. Kc6 Bd2 55. a6 Ra5 56. Kb6 Ra2 57. Re8 Kg5 58. a7 Rxa7 59. Kxa7 Kf4 60. Kb7 Kg3 61. Kc6 Bf4 62. Kd5 Kh2 63. Rg8 1-0

[Event "Titled Tuesday intern op 11th Apr Early"]
[Site "Chess.com INT"]
[Date "2023.04.11"]
[Round "6"]
[White "Zampronha, Wladimir Camilo"]
[Black "Chincholimath, Halsagar"]
[Result "1-0"]
[WhiteElo "2176"]
[BlackElo "1754"]
[PlyCount "125"]
[EventDate "2023.04.11"]
[EventType "swiss (blitz)"]
[EventRounds "11"]
[EventCountry "USA"]
[SourceTitle "CBM 213 Extra"]
[Source "ChessBase"]
[SourceDate "2023.05.31"]
[SourceVersion "1"]
[SourceVersionDate "2023.05.31"]
[SourceQuality "1"]

1. e4 e5 2. Nf3 Nc6 3. d4 exd4 4. Nxd4 Bc5 5. Be3 Qe7 6. c3 Nf6 7. Nxc6 dxc6 8. Bxc5 Qxc5 9. Bd3 0-0 10. 0-0 Re8 11. Qc2 Bg4 12. Nd2 Rad8 13. Rfe1 Qd6 14. Re3 Bh5 15. e5 Rxe5 16. Nc4 Rxe3 17. Nxd6 Rxd3 18. Qxd3 Rxd6 19. Qe3 h6 20. f3 Nd5 21. Qxa7 b6 22. Rd1 Re6 23. Kf2 Bg6 24. Re1 Rd6 25. Qa8+ Kh7 26. a4 Nf4 27. Re8 Bc2 28. Rh8+ Kg6 29. Rd8 Re6 30. Rd2 Bf5 31. Qd8 h5 32. g3 Nh3+ 33. Kg2 Re1 34. Rd1 Re2+ 35. Kf1 Rxh2 36. g4 Rf2+ 37. Ke1 Bc2 38. gxh5+ Kxh5 39. Qh8+ Kg5 40. Qxh3 Rh2 41. Qg3+ Kf5 42. Qxh2 Bxd1 43. Kxd1 g5 44. Kd2 g4 45. Qf2 g3 46. Qxg3 f6 47. Qg4+ Ke5 48. Qe4+ Kd6 49. f4 c5 50. Qf5 b5 51. a5 b4 52. c4 c6 53. a6 Kc7 54. a7 Kb6 55. Qxf6 b3 56. Qxc6+ Kxa7 57. Qxc5+ Ka8 58. Qb4 Ka7 59. f5 Ka8 60. f6 Ka7 61. f7 Ka6 62. f8Q Ka7 63. Qfb8+ 1-0

[Event "Titled Tuesday intern op 24th May Early"]
[Site "Chess.com INT"]
[Date "2022.05.24"]
[Round "1"]
[White "Petre, Nad Titus"]
[Black "Chincholimath, Halsagar"]
[Result "1-0"]
[WhiteElo "2297"]
[BlackElo "1754"]
[PlyCount "51"]
[EventDate "2022.05.24"]
[EventType "swiss (blitz)"]
[EventRounds "11"]
[EventCountry "USA"]
[SourceTitle "EXT 2023"]
[Source "ChessBase"]
[SourceDate "2022.10.05"]
[SourceVersion "1"]
[SourceVersionDate "2022.10.05"]
[SourceQuality "1"]

1. e4 c6 2. d4 d5 3. exd5 cxd5 4. Bd3 Qc7 5. Nc3 Nf6 6. Nb5 Qb6 7. Bf4 Na6 8. c3 Bd7 9. a4 e6 10. Nf3 Be7 11. Ne5 0-0 12. Qe2 Rad8 13. g4 Bxb5 14. Bxb5 Nc7 15. Bd3 Ne4 16. a5 Qb3 17. f3 Nxc3 18. bxc3 Qxc3+ 19. Kf2 Qxd4+ 20. Qe3 Qb2+ 21. Qd2 Qd4+ 22. Kg2 Bd6 23. Bxh7+ Kxh7 24. Qxd4 Bxe5 25. Bxe5 Nb5 26. Qd3+ 1-0

[Event "Titled Tuesday intern op 26th Apr Early"]
[Site "Chess.com INT"]
[Date "2022.04.26"]
[Round "3"]
[White "Odegov, Artem"]
[Black "Chincholimath, Halsagar"]
[Result "1-0"]
[WhiteElo "2286"]
[BlackElo "1754"]
[PlyCount "83"]
[EventDate "2022.04.26"]
[EventType "swiss (blitz)"]
[EventRounds "11"]
[EventCountry "USA"]
[SourceTitle "CBM 208 Extra"]
[Source "ChessBase"]
[SourceDate "2022.07.31"]
[SourceVersion "1"]
[SourceVersionDate "2022.07.31"]
[SourceQuality "1"]

1. d4 d5 2. c4 c6 3. Nf3 Nf6 4. Nc3 dxc4 5. a4 Bf5 6. Ne5 Nbd7 7. Nxc4 Nb6 8. Ne5 Nfd7 9. Nf3 a5 10. e4 Bg6 11. Bf4 e6 12. h4 Bb4 13. Bd3 Bh5 14. Qc2 Nf6 15. 0-0-0 Qe7 16. Rd2 Bxf3 17. gxf3 Bxc3 18. Qxc3 Nxa4 19. Qb3 Qb4 20. Qxb4 axb4 21. Rg1 Rg8 22. Bg5 Nd7 23. h5 h6 24. Be3 Ke7 25. f4 Ra5 26. f5 c5 27. fxe6 fxe6 28. d5 Ne5 29. Be2 c4 30. Rd4 Nd3+ 31. Bxd3 cxd3 32. Rxb4 Rc8+ 33. Kd2 Nc5 34. Rxg7+ Kf6 35. Rg6+ Kf7 36. Bxc5 Raxc5 37. Rxb7+ R8c7 38. Rxc7+ Rxc7 39. dxe6+ Ke7 40. Rg7+ Kd6 41. Rxc7 Kxc7 42. f4 1-0

[Event "Titled Tuesday intern op 05th Apr Early"]
[Site "Chess.com INT"]
[Date "2022.04.05"]
[Round "11"]
[White "Chincholimath, Halsagar"]
[Black "Politov, Pavel Y"]
[Result "1-0"]
[WhiteElo "1754"]
[BlackElo "2190"]
[PlyCount "93"]
[EventDate "2022.04.05"]
[EventType "swiss (blitz)"]
[EventRounds "11"]
[EventCountry "USA"]
[SourceTitle "CBM 207 Extra"]
[Source "ChessBase"]
[SourceDate "2022.05.31"]
[SourceVersion "1"]
[SourceVersionDate "2022.05.31"]
[SourceQuality "1"]

1. e4 c5 2. c3 Nf6 3. e5 Nd5 4. d4 cxd4 5. cxd4 d6 6. exd6 Qxd6 7. Nf3 e6 8. Be2 Be7 9. 0-0 Nc6 10. Nc3 0-0 11. Ne4 Qd8 12. Be3 Nf6 13. Nc5 b6 14. Nd3 Bb7 15. h3 Nb4 16. Nxb4 Bxb4 17. Ne5 Bd6 18. a4 Nd7 19. Bf4 Qe7 20. Bd3 Rfd8 21. Qh5 g6 22. Qh6 Qf8 23. Qh4 Be7 24. Qg3 Bf6 25. Rad1 Nxe5 26. dxe5 Be7 27. Qe3 Bc5 28. Qc1 Rac8 29. Qb1 Qe7 30. Be4 Bxe4 31. Qxe4 Rxd1 32. Rxd1 Rd8 33. Rf1 Rd4 34. Qa8+ Kg7 35. Qf3 Rxa4 36. Qg3 Rc4 37. Bg5 Qd7 38. Bf6+ Kg8 39. Qg5 Bf8 40. Qe3 Bg7 41. Qb3 Rc8 42. Rd1 Bxf6 43. Rxd7 Bxe5 44. Qf3 Rc1+ 45. Rd1 Rc2 46. Qe4 Rxb2 47. Qxe5 1-0

[Event "Titled Tuesday intern op 22 Mar Early"]
[Site "Chess.com INT"]
[Date "2022.03.22"]
[Round "1"]
[White "Chincholimath, Halsagar"]
[Black "Jeet, Jain"]
[Result "0-1"]
[WhiteElo "1754"]
[BlackElo "2279"]
[PlyCount "80"]
[EventDate "2022.03.22"]
[EventType "swiss (blitz)"]
[EventRounds "11"]
[EventCountry "USA"]
[SourceTitle "CBM 207 Extra"]
[Source "ChessBase"]
[SourceDate "2022.05.31"]
[SourceVersion "1"]
[SourceVersionDate "2022.05.31"]
[SourceQuality "1"]

1. e4 e5 2. Nf3 Nc6 3. Nc3 Nf6 4. d4 exd4 5. Nxd4 Bb4 6. Nxc6 bxc6 7. Bd3 d5 8. Bd2 0-0 9. 0-0 Rb8 10. a3 Bd6 11. Bg5 h6 12. Bh4 Rxb2 13. f4 Be7 14. e5 Ne8 15. Bf2 f5 16. Qh5 Rb8 17. Ne2 c5 18. Ng3 Qd7 19. Rfe1 Qe6 20. c3 Qf7 21. Qf3 Be6 22. Rab1 Rb6 23. a4 a5 24. Rb5 Rxb5 25. axb5 g5 26. fxg5 hxg5 27. Qh5 Ng7 28. Qxf7+ Rxf7 29. Ra1 f4 30. Nf1 Bf5 31. Bxf5 Rxf5 32. Rxa5 Rxe5 33. Ra7 Bd6 34. Ra8+ Kf7 35. Ra7 Kg6 36. h3 Nf5 37. Nh2 Re2 38. Nf3 Rb2 39. Ra5 Ne3 40. Kh2 Rxf2 0-1

[Event "Titled Tuesday intern op 22nd Feb Early"]
[Site "Chess.com INT"]
[Date "2022.02.22"]
[Round "1"]
[White "Chincholimath, Halsagar"]
[Black "Kovanova, Baira"]
[Result "0-1"]
[WhiteElo "1754"]
[BlackElo "2342"]
[PlyCount "60"]
[EventDate "2022.02.22"]
[EventType "swiss (blitz)"]
[EventRounds "11"]
[EventCountry "USA"]
[SourceTitle "CBM 207 Extra"]
[Source "ChessBase"]
[SourceDate "2022.05.31"]
[SourceVersion "1"]
[SourceVersionDate "2022.05.31"]
[SourceQuality "1"]

1. e4 e5 2. Nf3 Nc6 3. Nc3 Nf6 4. d4 exd4 5. Nxd4 Bc5 6. Nxc6 bxc6 7. Bd3 d6 8. 0-0 0-0 9. Bg5 h6 10. Bh4 Re8 11. Kh1 a5 12. f4 Qe7 13. e5 dxe5 14. fxe5 Qxe5 15. Bxf6 gxf6 16. Ne4 Be7 17. Qf3 Be6 18. Rae1 Bd5 19. Qg4+ Kh8 20. Nxf6 Qxe1 21. Rxe1 Bxf6 22. Rxe8+ Rxe8 23. Kg1 Rg8 24. Qf5 Rg6 25. g3 Kg7 26. c3 Bg5 27. Kf2 Rf6 28. h4 Rxf5+ 29. Bxf5 Bf6 30. Ke3 Bxa2 0-1

[Event "Titled Tuesday intern op 22nd Feb Early"]
[Site "Chess.com INT"]
[Date "2022.02.22"]
[Round "6"]
[White "Fajdetic, Hrvoje"]
[Black "Chincholimath, Halsagar"]
[Result "1-0"]
[WhiteElo "2151"]
[BlackElo "1754"]
[PlyCount "89"]
[EventDate "2022.02.22"]
[EventType "swiss (blitz)"]
[EventRounds "11"]
[EventCountry "USA"]
[SourceTitle "CBM 207 Extra"]
[Source "ChessBase"]
[SourceDate "2022.05.31"]
[SourceVersion "1"]
[SourceVersionDate "2022.05.31"]
[SourceQuality "1"]

1. d4 d5 2. Bf4 Nf6 3. e3 e6 4. Nf3 c5 5. Nc3 Bd6 6. Bb5+ Nc6 7. Ne5 Bxe5 8. dxe5 Nd7 9. Qg4 0-0 10. Bh6 g6 11. Bxc6 Nxe5 12. Qg3 Nxc6 13. Bxf8 Kxf8 14. 0-0 Qf6 15. Qd6+ Kg7 16. Qxc5 Ne5 17. Qd4 Nc4 18. b3 e5 19. Nxd5 exd4 20. Nxf6 Nd2 21. Rfd1 dxe3 22. fxe3 Kxf6 23. Rxd2 Be6 24. c4 Ke5 25. Rd4 h5 26. Rad1 Rc8 27. Kf2 g5 28. h4 g4 29. Rf4 b5 30. Rdd4 bxc4 31. bxc4 Rb8 32. Rde4+ Kd6 33. Kg3 Rb2 34. Rf2 Rb1 35. Rd2+ Kc5 36. Re5+ Kc6 37. Rxh5 Rc1 38. c5 Rc3 39. Rd6+ Kc7 40. Kf4 Rc1 41. Rh7 Rxc5 42. Rxe6 Rc4+ 43. Re4 Rxe4+ 44. Kxe4 Kd6 45. Rxf7 1-0

[Event "Titled Tuesday intern op 15th Feb Early"]
[Site "Chess.com INT"]
[Date "2022.02.15"]
[Round "3"]
[White "Chincholimath, Halsagar"]
[Black "Fernandez Siles, Luis"]
[Result "0-1"]
[WhiteElo "1754"]
[BlackElo "2229"]
[PlyCount "104"]
[EventDate "2022.02.15"]
[EventType "swiss (blitz)"]
[EventRounds "11"]
[EventCountry "USA"]
[SourceTitle "CBM 206 Extra"]
[Source "ChessBase"]
[SourceDate "2022.03.31"]
[SourceVersion "1"]
[SourceVersionDate "2022.03.31"]
[SourceQuality "1"]

1. e4 c5 2. Nc3 Nc6 3. Bb5 Nd4 4. Nf3 g6 5. 0-0 Bg7 6. Nxd4 cxd4 7. Ne2 Nf6 8. d3 Qb6 9. Bc4 d6 10. f4 Nxe4 11. dxe4 d3+ 12. Kh1 dxe2 13. Qxe2 0-0 14. f5 Bd7 15. c3 Rac8 16. fxg6 hxg6 17. Bg5 Rxc4 18. Qxc4 Bb5 19. Qd5 Bxf1 20. Rxf1 e6 21. Qd2 Qb5 22. Re1 Be5 23. b3 Bxc3 24. Qxc3 Qxg5 25. Qd4 Rc8 26. h3 Rc2 27. Rg1 Qe5 28. Qa4 a6 29. Qe8+ Kg7 30. Rf1 Rc7 31. Qa4 Qb5 32. Qd4+ e5 33. Qf2 Qd7 34. Qf6+ Kg8 35. Kh2 Qe7 36. Qf3 Kg7 37. Rd1 Rc2 38. a4 Rc6 39. Qd3 Qg5 40. Rf1 Qe7 41. Qf3 Rc2 42. Rd1 Qc7 43. Rf1 Rc3 44. Qf6+ Kg8 45. Qg5 Rxb3 46. Rf6 Kg7 47. Rf2 Rb4 48. a5 Rxe4 49. Qf6+ Kg8 50. Qf3 d5 51. Qf6 Rf4 52. Re2 Rxf6 0-1

[Event "Titled Tuesday intern op 15th Feb Early"]
[Site "Chess.com INT"]
[Date "2022.02.15"]
[Round "1"]
[White "Doshi, Moksh Amitbhai"]
[Black "Chincholimath, Halsagar"]
[Result "1-0"]
[WhiteElo "2396"]
[BlackElo "1754"]
[PlyCount "47"]
[EventDate "2022.02.15"]
[EventType "swiss (blitz)"]
[EventRounds "11"]
[EventCountry "USA"]
[SourceTitle "CBM 206 Extra"]
[Source "ChessBase"]
[SourceDate "2022.03.31"]
[SourceVersion "1"]
[SourceVersionDate "2022.03.31"]
[SourceQuality "1"]

1. d4 d5 2. c4 c6 3. Nf3 Nf6 4. Nc3 dxc4 5. a4 Bf5 6. Ne5 Nbd7 7. Nxc4 Qc7 8. g3 e5 9. dxe5 Nxe5 10. Bf4 Nfd7 11. Bg2 f6 12. 0-0 Be7 13. Rc1 0-0 14. Nd5 Qd8 15. Nxe7+ Qxe7 16. Nd6 Be6 17. Nxb7 Rab8 18. Na5 Rxb2 19. Nxc6 Nxc6 20. Rxc6 Kh8 21. Bd6 Qf7 22. Bxf8 Nxf8 23. Qd8 Bg4 24. Bd5 1-0

[Event "Titled Tuesday intern op 01st Feb-A"]
[Site "Chess.com INT"]
[Date "2022.02.01"]
[Round "9"]
[White "Chincholimath, Halsagar"]
[Black "Moskvin, Anatoly"]
[Result "0-1"]
[WhiteElo "1754"]
[BlackElo "2170"]
[PlyCount "60"]
[EventDate "2022.02.01"]
[EventType "swiss (blitz)"]
[EventRounds "11"]
[EventCountry "USA"]
[SourceTitle "CBM 206 Extra"]
[Source "ChessBase"]
[SourceDate "2022.03.31"]
[SourceVersion "1"]
[SourceVersionDate "2022.03.31"]
[SourceQuality "1"]

1. e4 e5 2. Nf3 Nc6 3. Nc3 Nf6 4. d4 exd4 5. Nxd4 Bb4 6. Nxc6 bxc6 7. Bd3 d5 8. 0-0 0-0 9. exd5 cxd5 10. Bg5 c6 11. h3 h6 12. Bh4 Re8 13. Qf3 g5 14. Bg3 Bxc3 15. bxc3 Ne4 16. Qh5 Kg7 17. Bh2 f5 18. h4 Nf6 19. Qf3 Ng4 20. Bg3 f4 21. hxg5 hxg5 22. Bh2 Ne5 23. Qh5 Rh8 24. Qe2 Ng4 25. Bxf4 gxf4 26. g3 Rh1+ 27. Kxh1 f3 28. Qd2 Qh8+ 29. Bh7 Qxh7+ 30. Kg1 Qh2# 0-1

[Event "Titled Tuesday intern op 01st Feb-A"]
[Site "Chess.com INT"]
[Date "2022.02.01"]
[Round "3"]
[White "Chincholimath, Halsagar"]
[Black "Siva, Mahadevan"]
[Result "0-1"]
[WhiteElo "1754"]
[BlackElo "2349"]
[PlyCount "62"]
[EventDate "2022.02.01"]
[EventType "swiss (blitz)"]
[EventRounds "11"]
[EventCountry "USA"]
[SourceTitle "CBM 206 Extra"]
[Source "ChessBase"]
[SourceDate "2022.03.31"]
[SourceVersion "1"]
[SourceVersionDate "2022.03.31"]
[SourceQuality "1"]

1. e4 c5 2. c3 e5 3. Nf3 Nc6 4. Bc4 Nf6 5. d3 Be7 6. 0-0 0-0 7. h3 d6 8. a4 Kh8 9. Nbd2 Ng8 10. Re1 f5 11. Nf1 Qe8 12. exf5 Bxf5 13. Ng3 Bg6 14. Ng5 Bxg5 15. Bxg5 Nf6 16. f4 h6 17. Bh4 Qd7 18. fxe5 Nxe5 19. Bxf6 Rxf6 20. Bd5 Raf8 21. Ne4 Rf4 22. Qd2 Bxe4 23. dxe4 Rf2 24. Qe3 R8f3 25. gxf3 Rxf3 26. Qd2 Qxh3 27. Qh2 Qg4+ 28. Kh1 Rh3 29. Re2 Rxh2+ 30. Rxh2 Nf3 31. Be6 Qxe6 0-1

[Event "Titled Tuesday intern op 01st Feb-A"]
[Site "Chess.com INT"]
[Date "2022.02.01"]
[Round "11"]
[White "Iljin, Timofey"]
[Black "Chincholimath, Halsagar"]
[Result "1-0"]
[WhiteElo "2299"]
[BlackElo "1754"]
[PlyCount "381"]
[EventDate "2022.02.01"]
[EventType "swiss (blitz)"]
[EventRounds "11"]
[EventCountry "USA"]
[SourceTitle "CBM 206 Extra"]
[Source "ChessBase"]
[SourceDate "2022.03.31"]
[SourceVersion "1"]
[SourceVersionDate "2022.03.31"]
[SourceQuality "1"]

1. e4 c6 2. d4 d5 3. e5 Bf5 4. h4 h5 5. Bd3 Bxd3 6. Qxd3 e6 7. Nf3 g6 8. Bg5 Qa5+ 9. Nbd2 Qa6 10. c4 Ne7 11. Bf6 Rg8 12. a3 Nf5 13. Ke2 Nd7 14. Bg5 Be7 15. Bxe7 Kxe7 16. b4 dxc4 17. Nxc4 Rad8 18. a4 Nb6 19. b5 cxb5 20. axb5 Qxb5 21. Qa3+ Ke8 22. Rhc1 Nxc4 23. Qa4 Qxa4 24. Rxa4 Nb6 25. Rxa7 Rd7 26. Rb1 Nd5 27. Rbxb7 Rxb7 28. Rxb7 Kf8 29. Ng5 Nh6 30. f3 Nf4+ 31. Kf2 Rg7 32. Rb8+ Ke7 33. Rb7+ Ke8 34. Ne4 Nf5 35. Nf6+ Kd8 36. g4 Nxd4 37. Rd7+ Kc8 38. Rxd4 Nh3+ 39. Kg2 hxg4 40. fxg4 g5 41. Kxh3 gxh4 42. Kxh4 Kc7 43. g5 Kc6 44. Kh5 Kc5 45. Rd7 Kc6 46. Kh6 Rg6+ 47. Kh5 Rg7 48. Rd1 Kc5 49. Rd2 Kc6 50. Kg4 Rg6 51. Rh2 Rxf6 52. Rc2+ Kd5 53. exf6 Ke5 54. Rd2 Ke4 55. Re2+ Kd5 56. Kf4 e5+ 57. Rxe5+ Kd6 58. Kf5 Kd7 59. Re4 Kd8 60. Re3 Kd7 61. Re2 Kd6 62. Re1 Kd5 63. Rf1 Kd4 64. Rf2 Ke3 65. Rf4 Ke2 66. Rg4 Kd3 67. Rh4 Ke3 68. Rh5 Kf3 69. Rh6 Kg3 70. Rh7 Kf3 71. Rh8 Ke3 72. Rg8 Kf3 73. Rf8 Ke3 74. Re8+ Kf3 75. Rd8 Kg3 76. Rc8 Kh4 77. Rb8 Kg3 78. Rb4 Kf3 79. g6 Kg3 80. g7 Kf3 81. Rc4 Ke3 82. Ra4 Kd3 83. Ra5 Ke3 84. Ra6 Kd3 85. Ra7 Kc3 86. Ra8 Kb4 87. Rb8+ Kc5 88. Rc8+ Kd4 89. Rd8+ Ke3 90. Re8+ Kf3 91. Rf8 Kg3 92. Rg8 Kf2 93. Rh8 Ke3 94. Rh7 Kd3 95. Rh6 Kc4 96. Rh5 Kd4 97. Rh4+ Ke3 98. Rh3+ Kd2 99. Rh2+ Kc3 100. Rh1 Kd4 101. Rg1 Kc5 102. Rg2 Kd5 103. Rg3 Kd6 104. Kg5 Kc5 105. Rg4 Kd5 106. Rf4 Ke6 107. Rf5 Kd6 108. g8Q Kc6 109. Qg6 Kd6 110. Qh5 Ke6 111. Qh4 Kd6 112. Qh3 Kc6 113. Qh2 Kb6 114. Qh1 Kc7 115. Qg1 Kd6 116. Qg2 Ke6 117. Qg3 Kd7 118. Qf4 Kc6 119. Kh6 Kd7 120. Kg7 Ke6 121. Kf8 Kd7 122. Rg5 Kc6 123. Rg6 Kd7 124. Rg7 Ke6 125. Kg8 Kd7 126. Kxf7 Kc6 127. Ke6 Kb6 128. Rg6 Kc5 129. Rg5+ Kb6 130. Rg4 Kc6 131. Rg3 Kc5 132. Rg2 Kc6 133. Rg1 Kb5 134. Rf1 Kc6 135. Rf2 Kc5 136. Rf3 Kb5 137. Re3 Kc5 138. Re4 Kc6 139. Re5 Kb6 140. Kf5 Kc6 141. f7 Kb6 142. Kg4 Kc6 143. Kh3 Kd7 144. Kh2 Kc6 145. Kh1 Kd7 146. Kg1 Kc6 147. Kf1 Kd7 148. Kf2 Kc6 149. Ke2 Kb7 150. Ke3 Kc6 151. Kd3 Kd7 152. Kd2 Kc6 153. Kc3 Kb7 154. Kb3 Kc6 155. Kc2 Kd7 156. Kb2 Kc6 157. Kb1 Kb7 158. Ka1 Kc6 159. Re3 Kd7 160. Qf2 Kc6 161. Re1 Kb7 162. Kb2 Kc6 163. Kc2 Kd7 164. Kd3 Kc6 165. Ke2 Kb7 166. Kf1 Kc6 167. f8Q Kd5 168. Q8f3+ Kc4 169. Re4+ Kd5 170. Q2g2 Kc6 171. Kg1 Kd6 172. Kh1 Kd5 173. Kh2 Kd6 174. Kh3 Kd5 175. Kh4 Kd6 176. Kh5 Kc5 177. Kh6 Kd6 178. Kh7 Kc7 179. Kh8 Kd6 180. Kg8 Kd5 181. Kf8 Kd6 182. Qg5 Kc7 183. Qff4+ Kc6 184. Re6+ Kd7 185. Qf7+ Kc8 186. Qgg8 Kd8 187. Rf6 Kc8 188. Qfg7 Kb8 189. Q8h8 Ka8 190. Kg8 Kb8 191. Kh7# 1-0